Normal view
MARC view
Entry Topical Term
001 - CONTROL NUMBER
- control field: 23362
003 - CONTROL NUMBER IDENTIFIER
- control field: dpl
005 - DATE AND TIME OF LATEST TRANSACTION
- control field: 20101012114638.0
008 - FIXED-LENGTH DATA ELEMENTS
- fixed length control field: 101012|||a|||||| | ||| d
040 ## - CATALOGING SOURCE
- Original cataloging agency: dpl
- Transcribing agency: dpl
150 ## - HEADING--TOPICAL TERM
- Topical term or geographic name as entry element: General knowledge
- General subdivision: Examinations
- General subdivision: Study guide
670 ## - SOURCE DATA FOUND
- Source citation: Work cat.: (dpl)26980: आर गुप्ता कृत पॉपुलर मास्टर गाइड ई.एस.आई.सी. कर्मचारी राज्य बीमा निगमयएल.डी.सी./स्टेनो परीक्षा /, 2011
670 ## - SOURCE DATA FOUND
- Source citation: Work cat.: (dpl)26980: आर गुप्ता कृत पॉपुलर मास्टर गाइड ई.एस.आई.सी. कर्मचारी राज्य बीमा निगमयएल.डी.सी./स्टेनो परीक्षा /, 2011
